[Event "DVM U20 2019"]
[Site "Braunschweig GER"]
[Date "2019.12.29"]
[Round "5"]
[White "Sieber, Fiona"]
[Black "Schneider, Jana"]
[Result "1/2-1/2"]
[Termination "normal"]
[Board "1.2"]
[WhiteTitle "WIM"]
[BlackTitle "FM"]
[WhiteElo "2277"]
[BlackElo "2210"]
[WhiteClock "00:33:43"]
[BlackClock "00:38:53"]
[WhiteTeam "SG Aufbau Elbe Magdeburg"]
[BlackTeam "SC Bavaria Regensburg"]
[PlyCount "62"]
[WhiteFideId "12902373"]
[BlackFideId "12924997"]
[EventCountry "GER"]
[EventRounds "7"]
[EventType "team-swiss"]
[EventDate "2019.12.26"]

1. e4 {[%clk 1:30:58]} e5 {[%clk 1:30:48]} 2. Nf3 {[%clk 1:31:24]} Nc6 {[%clk
1:31:10]} 3. Bb5 {[%clk 1:31:49]} a6 {[%clk 1:31:34]} 4. Ba4 {[%clk 1:32:14]}
Nf6 {[%clk 1:31:58]} 5. O-O {[%clk 1:32:40]} Be7 {[%clk 1:32:03]} 6. Re1 {[%clk
1:32:49]} b5 {[%clk 1:32:25]} 7. Bb3 {[%clk 1:33:14]} d6 {[%clk 1:32:44]} 8. c3
{[%clk 1:33:38]} O-O {[%clk 1:32:40]} 9. h3 {[%clk 1:34:01]} Na5 {[%clk
1:33:05]} 10. Bc2 {[%clk 1:34:26]} c5 {[%clk 1:33:29]} 11. d4 {[%clk 1:34:51]}
Nd7 {[%clk 1:33:53]} 12. Nbd2 {[%clk 1:35:01]} cxd4 {[%clk 1:34:01]} 13. cxd4
{[%clk 1:35:25]} exd4 {[%clk 1:33:54]} 14. Nxd4 {[%clk 1:35:38]} Bf6 {[%clk
1:33:16]} 15. Nf1 {[%clk 1:35:26]} Ne5 {[%clk 1:33:17]} 16. b3 {[%clk 1:29:12]}
Nec6 {[%clk 1:27:05]} 17. Bb2 {[%clk 1:27:50]} Qb6 {[%clk 1:26:02]} 18. Nxc6
{[%clk 1:26:41]} Bxb2 {[%clk 1:26:21]} 19. Ne7+ {[%clk 1:26:53]} Kh8 {[%clk
1:26:43]} 20. Rb1 {[%clk 1:24:37]} Bd4 {[%clk 1:23:00]} 21. Ne3 {[%clk
1:20:56]} Be6 {[%clk 1:22:05]} 22. Qd3 {[%clk 1:14:32]} Rfe8 {[%clk 1:14:06]}
23. N7d5 {[%clk 1:11:15]} Bxd5 {[%clk 1:13:42]} 24. Nxd5 {[%clk 0:58:29]} Qa7
{[%clk 1:03:16]} 25. Kh1 {[%clk 0:56:27]} g6 {[%clk 1:00:17]} 26. Rbd1 {[%clk
0:49:57]} Nc6 {[%clk 0:59:46]} 27. f4 {[%clk 0:46:58]} Bg7 {[%clk 0:56:37]} 28.
b4 {[%clk 0:45:13]} a5 {[%clk 0:46:20]} 29. bxa5 {[%clk 0:40:53]} Qxa5 {[%clk
0:44:17]} 30. Bb3 {[%clk 0:41:14]} Nd4 {[%clk 0:43:48]} 31. Rc1 {[%clk
0:33:43]} Rac8 {[%clk 0:38:53]} 1/2-1/2

[Event "DVM U20 2019"]
[Site "Braunschweig GER"]
[Date "2019.12.29"]
[Round "5"]
[White "Oberhofer, Cédric"]
[Black "Biastoch, Bennet"]
[Result "0-1"]
[Termination "normal"]
[Board "1.3"]
[WhiteElo "2260"]
[BlackElo "2242"]
[WhiteClock "00:12:56"]
[BlackClock "00:08:57"]
[WhiteTeam "SC Bavaria Regensburg"]
[BlackTeam "SG Aufbau Elbe Magdeburg"]
[PlyCount "82"]
[WhiteFideId "12941220"]
[BlackFideId "12939889"]
[EventCountry "GER"]
[EventRounds "7"]
[EventType "team-swiss"]
[EventDate "2019.12.26"]

1. e4 {[%clk 1:30:57]} c5 {[%clk 1:30:53]} 2. Nf3 {[%clk 1:31:23]} d6 {[%clk
1:30:54]} 3. d4 {[%clk 1:31:46]} cxd4 {[%clk 1:31:16]} 4. Nxd4 {[%clk 1:32:10]}
Nf6 {[%clk 1:31:34]} 5. Nc3 {[%clk 1:32:30]} a6 {[%clk 1:31:02]} 6. f4 {[%clk
1:32:47]} e5 {[%clk 1:31:14]} 7. Nf3 {[%clk 1:33:07]} Nbd7 {[%clk 1:30:37]} 8.
a4 {[%clk 1:33:21]} Be7 {[%clk 1:30:42]} 9. Bc4 {[%clk 1:33:03]} O-O {[%clk
1:29:20]} 10. O-O {[%clk 1:24:29]} exf4 {[%clk 1:27:01]} 11. Kh1 {[%clk
1:16:18]} Nc5 {[%clk 1:22:10]} 12. Qe2 {[%clk 1:05:46]} Be6 {[%clk 1:07:42]}
13. Bxe6 {[%clk 1:01:18]} Nxe6 {[%clk 1:01:57]} 14. Nd5 {[%clk 1:00:29]} Nc5
{[%clk 0:58:27]} 15. Bxf4 {[%clk 0:49:04]} Re8 {[%clk 0:42:11]} 16. Nxe7+
{[%clk 0:39:05]} Qxe7 {[%clk 0:42:11]} 17. e5 {[%clk 0:36:55]} Ncd7 {[%clk
0:37:04]} 18. Rae1 {[%clk 0:29:01]} dxe5 {[%clk 0:36:19]} 19. Nxe5 {[%clk
0:28:19]} Nxe5 {[%clk 0:35:58]} 20. Qxe5 {[%clk 0:26:24]} Qb4 {[%clk 0:35:50]}
21. c3 {[%clk 0:26:27]} Qxa4 {[%clk 0:34:24]} 22. Qf5 {[%clk 0:24:50]} Rxe1
{[%clk 0:29:41]} 23. Rxe1 {[%clk 0:25:19]} Re8 {[%clk 0:29:55]} 24. Rxe8+
{[%clk 0:24:29]} Nxe8 {[%clk 0:25:50]} 25. h3 {[%clk 0:16:09]} Qa1+ {[%clk
0:25:01]} 26. Kh2 {[%clk 0:16:36]} Qxb2 {[%clk 0:25:12]} 27. Qe5 {[%clk
0:16:56]} Qb5 {[%clk 0:25:08]} 28. Qe7 {[%clk 0:17:22]} h6 {[%clk 0:23:25]} 29.
Bc1 {[%clk 0:14:52]} Nf6 {[%clk 0:19:03]} 30. Ba3 {[%clk 0:14:35]} Qd7 {[%clk
0:13:25]} 31. Qe5 {[%clk 0:14:03]} Qd5 {[%clk 0:10:55]} 32. Qb8+ {[%clk
0:13:07]} Kh7 {[%clk 0:11:19]} 33. c4 {[%clk 0:12:18]} Qxc4 {[%clk 0:07:34]}
34. Qxb7 {[%clk 0:12:29]} Qf4+ {[%clk 0:07:37]} 35. Kh1 {[%clk 0:12:28]} Ne4
{[%clk 0:07:33]} 36. Qxa6 {[%clk 0:12:05]} Ng3+ {[%clk 0:07:47]} 37. Kg1 {[%clk
0:12:12]} Qe3+ {[%clk 0:08:13]} 38. Kh2 {[%clk 0:12:35]} Ne2 {[%clk 0:07:54]}
39. Bc5 {[%clk 0:12:27]} Qe5+ {[%clk 0:08:16]} 40. Kh1 {[%clk 0:12:37]} Ng3+
{[%clk 0:08:40]} 41. Kh2 {[%clk 0:12:56]} Nf5+ {[%clk 0:08:57]} 0-1

[Event "DVM U20 2019"]
[Site "Braunschweig GER"]
[Date "2019.12.29"]
[Round "5"]
[White "Röhr, Tobias"]
[Black "Dechant, Georg"]
[Result "1-0"]
[Termination "normal"]
[Board "1.4"]
[WhiteElo "2103"]
[BlackElo "2065"]
[WhiteClock "00:12:43"]
[BlackClock "00:11:45"]
[WhiteTeam "SG Aufbau Elbe Magdeburg"]
[BlackTeam "SC Bavaria Regensburg"]
[PlyCount "63"]
[WhiteFideId "12963089"]
[BlackFideId "12956716"]
[EventCountry "GER"]
[EventRounds "7"]
[EventType "team-swiss"]
[EventDate "2019.12.26"]

1. d4 {[%clk 1:30:58]} Nf6 {[%clk 1:30:54]} 2. c4 {[%clk 1:31:22]} c5 {[%clk
1:31:20]} 3. d5 {[%clk 1:31:47]} e6 {[%clk 1:31:45]} 4. Nc3 {[%clk 1:32:01]}
exd5 {[%clk 1:32:10]} 5. cxd5 {[%clk 1:32:25]} d6 {[%clk 1:32:33]} 6. Nf3
{[%clk 1:32:47]} g6 {[%clk 1:32:56]} 7. Bf4 {[%clk 1:32:54]} Bg7 {[%clk
1:33:01]} 8. h3 {[%clk 1:33:01]} O-O {[%clk 1:32:31]} 9. e3 {[%clk 1:29:56]} a6
{[%clk 1:29:54]} 10. a4 {[%clk 1:30:16]} Nh5 {[%clk 1:27:14]} 11. Bh2 {[%clk
1:27:25]} f5 {[%clk 1:26:09]} 12. Nd2 {[%clk 1:19:55]} Qe7 {[%clk 1:03:38]} 13.
Be2 {[%clk 1:16:50]} f4 {[%clk 0:49:18]} 14. e4 {[%clk 1:15:00]} Nf6 {[%clk
0:48:49]} 15. Qc2 {[%clk 1:09:16]} Nfd7 {[%clk 0:44:42]} 16. g3 {[%clk
0:58:26]} Bh6 {[%clk 0:41:47]} 17. gxf4 {[%clk 0:46:12]} Bxf4 {[%clk 0:42:09]}
18. Bxf4 {[%clk 0:46:35]} Rxf4 {[%clk 0:42:36]} 19. Nc4 {[%clk 0:44:32]} Qh4
{[%clk 0:32:06]} 20. Nxd6 {[%clk 0:33:29]} Rxf2 {[%clk 0:25:00]} 21. Kd1 {[%clk
0:32:36]} Ne5 {[%clk 0:17:55]} 22. Nxc8 {[%clk 0:29:45]} Nbd7 {[%clk 0:11:29]}
23. Nd6 {[%clk 0:27:50]} Qe7 {[%clk 0:11:47]} 24. Nc4 {[%clk 0:24:22]} Nxc4
{[%clk 0:09:39]} 25. Bxc4 {[%clk 0:24:46]} Qf7 {[%clk 0:10:04]} 26. d6 {[%clk
0:22:28]} Qxc4 {[%clk 0:10:12]} 27. Qxf2 {[%clk 0:22:45]} Ne5 {[%clk 0:10:24]}
28. Qd2 {[%clk 0:21:04]} Nd3 {[%clk 0:10:49]} 29. Kc2 {[%clk 0:15:05]} Nb4+
{[%clk 0:10:57]} 30. Kb1 {[%clk 0:15:01]} Rf8 {[%clk 0:11:18]} 31. d7 {[%clk
0:13:42]} Nd3 {[%clk 0:11:45]} 32. Rd1 {[%clk 0:12:43]} 1-0

[Event "DVM U20 2019"]
[Site "Braunschweig GER"]
[Date "2019.12.29"]
[Round "5"]
[White "Gabler, Eric"]
[Black "Hoffmann, Lennard"]
[Result "1-0"]
[Termination "normal"]
[Board "1.5"]
[WhiteElo "2064"]
[BlackElo "2059"]
[WhiteClock "00:05:54"]
[BlackClock "00:30:30"]
[WhiteTeam "SC Bavaria Regensburg"]
[BlackTeam "SG Aufbau Elbe Magdeburg"]
[PlyCount "68"]
[WhiteFideId "12949841"]
[BlackFideId "12943495"]
[EventCountry "GER"]
[EventRounds "7"]
[EventType "team-swiss"]
[EventDate "2019.12.26"]

1. d4 {[%clk 1:30:57]} Nf6 {[%clk 1:30:49]} 2. Nf3 {[%clk 1:31:22]} d5 {[%clk
1:30:48]} 3. e3 {[%clk 1:31:44]} e6 {[%clk 1:30:54]} 4. b3 {[%clk 1:31:16]} c5
{[%clk 1:29:32]} 5. Bb2 {[%clk 1:31:13]} Bd6 {[%clk 1:24:59]} 6. Bd3 {[%clk
1:31:18]} O-O {[%clk 1:24:18]} 7. O-O {[%clk 1:31:36]} Nbd7 {[%clk 1:21:37]} 8.
Nbd2 {[%clk 1:27:55]} Re8 {[%clk 1:16:09]} 9. Ne5 {[%clk 1:26:38]} Qc7 {[%clk
1:14:52]} 10. f4 {[%clk 1:19:21]} Rb8 {[%clk 1:10:50]} 11. Qe2 {[%clk 1:12:06]}
a6 {[%clk 1:06:22]} 12. a4 {[%clk 1:12:26]} Nf8 {[%clk 1:02:48]} 13. Rf3 {[%clk
1:00:08]} Re7 {[%clk 0:30:02]} 14. Rh3 {[%clk 0:58:14]} b5 {[%clk 0:25:11]} 15.
axb5 {[%clk 0:55:42]} axb5 {[%clk 0:25:29]} 16. dxc5 {[%clk 0:49:40]} Qxc5
{[%clk 0:23:18]} 17. g4 {[%clk 0:48:08]} Bb7 {[%clk 0:14:33]} 18. Bd4 {[%clk
0:48:04]} Qc7 {[%clk 0:14:15]} 19. g5 {[%clk 0:44:26]} Ne8 {[%clk 0:10:19]} 20.
c3 {[%clk 0:23:37]} f6 {[%clk 0:05:07]} 21. Qh5 {[%clk 0:17:45]} f5 {[%clk
0:03:41]} 22. g6 {[%clk 0:15:57]} Nf6 {[%clk 0:03:18]} 23. gxh7+ {[%clk
0:15:30]} N8xh7 {[%clk 0:03:40]} 24. Qh4 {[%clk 0:13:18]} b4 {[%clk 0:03:33]}
25. cxb4 {[%clk 0:12:54]} Bxb4 {[%clk 0:03:30]} 26. Ndf3 {[%clk 0:13:11]} Bc3
{[%clk 0:02:26]} 27. Rc1 {[%clk 0:11:46]} Bxd4 {[%clk 0:02:43]} 28. Rxc7 {[%clk
0:12:09]} Bxe3+ {[%clk 0:03:00]} 29. Kf1 {[%clk 0:11:41]} Rxc7 {[%clk 0:03:00]}
30. Ng5 {[%clk 0:11:21]} Bxf4 {[%clk 0:01:30]} 31. Qxf4 {[%clk 0:10:46]} Nxg5
{[%clk 0:01:01]} 32. Qxg5 {[%clk 0:10:36]} Bc8 {[%clk 0:01:07]} 33. Be2 {[%clk
0:06:31]} Rb4 {[%clk 0:00:32]} 34. Ng6 {[%clk 0:05:54]} Kf7 {[%clk 0:30:30]}
1-0

[Event "DVM U20 2019"]
[Site "Braunschweig GER"]
[Date "2019.12.29"]
[Round "5"]
[White "von Angern, Cedric"]
[Black "Ließ, Alexander"]
[Result "0-1"]
[Termination "normal"]
[Board "1.6"]
[WhiteElo "1867"]
[BlackElo "1852"]
[WhiteClock "00:06:41"]
[BlackClock "00:13:47"]
[WhiteTeam "SG Aufbau Elbe Magdeburg"]
[BlackTeam "SC Bavaria Regensburg"]
[PlyCount "52"]
[WhiteFideId "12921106"]
[BlackFideId "16221338"]
[EventCountry "GER"]
[EventRounds "7"]
[EventType "team-swiss"]
[EventDate "2019.12.26"]

1. e4 {[%clk 1:30:58]} c5 {[%clk 1:30:50]} 2. Nf3 {[%clk 1:31:13]} d6 {[%clk
1:31:12]} 3. d4 {[%clk 1:31:38]} cxd4 {[%clk 1:31:33]} 4. Nxd4 {[%clk 1:32:02]}
Nf6 {[%clk 1:31:41]} 5. Nc3 {[%clk 1:31:55]} a6 {[%clk 1:31:40]} 6. Be2 {[%clk
1:31:58]} e5 {[%clk 1:31:37]} 7. Nb3 {[%clk 1:32:13]} Be7 {[%clk 1:31:44]} 8.
O-O {[%clk 1:31:40]} O-O {[%clk 1:31:44]} 9. Re1 {[%clk 1:31:15]} Be6 {[%clk
1:30:27]} 10. Bf1 {[%clk 1:30:17]} Nbd7 {[%clk 1:27:34]} 11. a4 {[%clk
1:25:57]} Qc7 {[%clk 1:17:59]} 12. a5 {[%clk 1:16:24]} Rac8 {[%clk 1:07:39]}
13. Bd3 {[%clk 1:13:51]} Nc5 {[%clk 0:56:40]} 14. Nxc5 {[%clk 1:07:52]} dxc5
{[%clk 0:56:15]} 15. Bg5 {[%clk 1:00:02]} c4 {[%clk 0:49:47]} 16. Bf1 {[%clk
0:58:44]} Rfd8 {[%clk 0:46:54]} 17. Qf3 {[%clk 0:53:41]} Ne8 {[%clk 0:34:00]}
18. Bxe7 {[%clk 0:51:07]} Qxe7 {[%clk 0:34:21]} 19. Na4 {[%clk 0:51:07]} Rc6
{[%clk 0:23:04]} 20. c3 {[%clk 0:41:22]} Rd2 {[%clk 0:18:51]} 21. Red1 {[%clk
0:35:00]} Rxd1 {[%clk 0:18:20]} 22. Rxd1 {[%clk 0:33:52]} Qc7 {[%clk 0:18:25]}
23. Nb6 {[%clk 0:32:10]} Rc5 {[%clk 0:16:41]} 24. Ra1 {[%clk 0:18:11]} Nd6
{[%clk 0:15:18]} 25. Qd1 {[%clk 0:06:54]} h6 {[%clk 0:13:47]} 26. f3 {[%clk
0:06:41]} Rxa5 0-1

[Event "DVM U20 2019"]
[Site "Braunschweig GER"]
[Date "2019.12.29"]
[Round "5"]
[White "Meyling, Lennart"]
[Black "Dörp, Max Marian"]
[Result "1-0"]
[Termination "normal"]
[Board "2.4"]
[WhiteElo "1955"]
[BlackElo "1767"]
[WhiteClock "01:25:06"]
[BlackClock "00:00:00"]
[WhiteTeam "Hamburger SK"]
[BlackTeam "Lübecker SV"]
[PlyCount "103"]
[WhiteFideId "12947130"]
[BlackFideId "12983551"]
[EventCountry "GER"]
[EventRounds "7"]
[EventType "team-swiss"]
[EventDate "2019.12.26"]

1. d4 {[%clk 1:30:58]} d5 {[%clk 1:30:39]} 2. c4 {[%clk 1:31:22]} c6 {[%clk
1:31:06]} 3. Nc3 {[%clk 1:31:42]} Nf6 {[%clk 1:31:29]} 4. Nf3 {[%clk 1:31:51]}
e6 {[%clk 1:31:33]} 5. cxd5 {[%clk 1:32:13]} exd5 {[%clk 1:31:17]} 6. Bg5
{[%clk 1:32:32]} h6 {[%clk 1:28:15]} 7. Bh4 {[%clk 1:32:54]} Bf5 {[%clk
1:26:45]} 8. Qb3 {[%clk 1:33:16]} Qb6 {[%clk 1:16:13]} 9. Qxb6 {[%clk 1:32:33]}
axb6 {[%clk 1:16:33]} 10. Bxf6 {[%clk 1:32:58]} gxf6 {[%clk 1:16:55]} 11. e3
{[%clk 1:32:43]} Na6 {[%clk 1:07:27]} 12. Kd2 {[%clk 1:32:53]} Rg8 {[%clk
1:06:03]} 13. Nh4 {[%clk 1:29:24]} Be6 {[%clk 0:50:20]} 14. f3 {[%clk 1:24:52]}
Be7 {[%clk 0:44:35]} 15. g3 {[%clk 1:23:16]} Nc7 {[%clk 0:38:28]} 16. Bd3
{[%clk 1:22:31]} c5 {[%clk 0:36:50]} 17. Nb5 {[%clk 1:17:15]} Kd7 {[%clk
0:32:36]} 18. Nf5 {[%clk 1:10:28]} Bf8 {[%clk 0:27:24]} 19. Rhc1 {[%clk
1:04:28]} c4 {[%clk 0:22:50]} 20. Nxc7 {[%clk 1:04:53]} Bb4+ {[%clk 0:22:22]}
21. Kd1 {[%clk 1:05:12]} Kxc7 {[%clk 0:22:08]} 22. Nh4 {[%clk 1:03:29]} Kd7
{[%clk 0:17:58]} 23. Bf5 {[%clk 1:03:28]} Rae8 {[%clk 0:10:05]} 24. b3 {[%clk
1:02:06]} Ba3 {[%clk 0:09:11]} 25. Rc2 {[%clk 1:02:29]} b5 {[%clk 0:08:39]} 26.
bxc4 {[%clk 1:02:52]} bxc4 {[%clk 0:06:50]} 27. Rb1 {[%clk 1:01:53]} Rb8 {[%clk
0:04:04]} 28. e4 {[%clk 1:01:44]} dxe4 {[%clk 0:01:35]} 29. fxe4 {[%clk
1:02:02]} b5 {[%clk 0:01:43]} 30. Rc3 {[%clk 1:01:26]} Bd6 {[%clk 0:00:38]} 31.
a4 {[%clk 1:01:31]} bxa4 {[%clk 0:00:47]} 32. Rxb8 {[%clk 1:01:05]} Rxb8 {[%clk
0:01:17]} 33. Rxc4 {[%clk 1:01:08]} a3 {[%clk 0:00:45]} 34. Kc2 {[%clk
0:56:57]} Rb2+ {[%clk 0:00:59]} 35. Kc1 {[%clk 0:55:53]} Rxh2 {[%clk 0:01:21]}
36. Ra4 {[%clk 0:56:06]} Kc6 {[%clk 0:00:38]} 37. Nf3 {[%clk 0:54:17]} Rh1+
{[%clk 0:00:51]} 38. Kc2 {[%clk 0:54:41]} Bxf5 {[%clk 0:00:33]} 39. exf5 {[%clk
0:54:41]} Kb5 {[%clk 0:00:36]} 40. Ra7 {[%clk 0:54:36]} Bxg3 {[%clk 0:00:37]}
41. Rxa3 {[%clk 0:54:46]} Bf4 {[%clk 0:25:28]} 42. Kd3 {[%clk 1:25:05]} Kc6
{[%clk 0:09:16]} 43. Ke4 {[%clk 1:24:02]} Bg5 {[%clk 0:07:45]} 44. Ra7 {[%clk
1:23:15]} Kd6 {[%clk 0:06:45]} 45. Rxf7 {[%clk 1:23:20]} h5 {[%clk 0:05:58]}
46. Rg7 {[%clk 1:23:40]} h4 {[%clk 0:02:19]} 47. Nxg5 {[%clk 1:24:01]} fxg5
{[%clk 0:02:41]} 48. Rxg5 {[%clk 1:24:15]} h3 {[%clk 0:02:22]} 49. Rg6+ {[%clk
1:24:40]} Ke7 {[%clk 0:01:21]} 50. Rh6 {[%clk 1:24:50]} h2 {[%clk 0:01:12]} 51.
Kd5 {[%clk 1:25:06]} Kf7 {[%clk 0:00:00]} 52. Ke4 1-0

[Event "DVM U20 2019"]
[Site "Braunschweig GER"]
[Date "2019.12.29"]
[Round "5"]
[White "Genov, Valentin"]
[Black "Kroschel, Anton"]
[Result "1-0"]
[Termination "normal"]
[Board "2.6"]
[WhiteTitle "CM"]
[WhiteElo "1829"]
[BlackElo "1756"]
[WhiteClock "00:01:31"]
[BlackClock "00:00:36"]
[WhiteTeam "Hamburger SK"]
[BlackTeam "Lübecker SV"]
[PlyCount "77"]
[WhiteFideId "2919745"]
[BlackFideId "12969834"]
[EventCountry "GER"]
[EventRounds "7"]
[EventType "team-swiss"]
[EventDate "2019.12.26"]

1. d4 {[%clk 1:30:57]} Nf6 {[%clk 1:30:56]} 2. c4 {[%clk 1:31:23]} e6 {[%clk
1:31:23]} 3. Nc3 {[%clk 1:31:49]} c5 {[%clk 1:31:51]} 4. d5 {[%clk 1:32:13]}
exd5 {[%clk 1:32:17]} 5. cxd5 {[%clk 1:32:39]} d6 {[%clk 1:32:42]} 6. e4 {[%clk
1:33:03]} Be7 {[%clk 1:32:18]} 7. f3 {[%clk 1:31:05]} O-O {[%clk 1:32:12]} 8.
Be3 {[%clk 1:28:18]} Na6 {[%clk 1:31:14]} 9. Qd2 {[%clk 1:23:31]} Bd7 {[%clk
1:29:07]} 10. Rb1 {[%clk 0:54:17]} Re8 {[%clk 1:22:13]} 11. a3 {[%clk 0:42:47]}
Qa5 {[%clk 1:05:21]} 12. Nb5 {[%clk 0:31:29]} Qxd2+ {[%clk 1:00:18]} 13. Kxd2
{[%clk 0:28:52]} Rec8 {[%clk 0:55:52]} 14. Bf4 {[%clk 0:21:32]} Bxb5 {[%clk
0:53:19]} 15. Bxb5 {[%clk 0:21:56]} Nc7 {[%clk 0:53:37]} 16. Bd3 {[%clk
0:22:02]} b5 {[%clk 0:52:06]} 17. b3 {[%clk 0:19:45]} h6 {[%clk 0:46:43]} 18.
Ne2 {[%clk 0:16:36]} a6 {[%clk 0:44:31]} 19. Ng3 {[%clk 0:14:49]} Bf8 {[%clk
0:40:52]} 20. Nf5 {[%clk 0:14:32]} Nce8 {[%clk 0:40:00]} 21. Rhc1 {[%clk
0:14:06]} h5 {[%clk 0:23:57]} 22. Ke2 {[%clk 0:06:15]} Rab8 {[%clk 0:21:51]}
23. a4 {[%clk 0:05:08]} c4 {[%clk 0:17:53]} 24. bxc4 {[%clk 0:05:31]} bxa4
{[%clk 0:17:50]} 25. Rxb8 {[%clk 0:04:14]} Rxb8 {[%clk 0:18:19]} 26. Rb1 {[%clk
0:04:34]} a3 {[%clk 0:17:34]} 27. Rxb8 {[%clk 0:04:25]} a2 {[%clk 0:17:29]} 28.
Rb1 {[%clk 0:04:53]} axb1=Q {[%clk 0:17:32]} 29. Bxb1 {[%clk 0:05:22]} g6
{[%clk 0:15:52]} 30. Nd4 {[%clk 0:05:22]} Nd7 {[%clk 0:14:45]} 31. Nc6 {[%clk
0:05:14]} f6 {[%clk 0:13:36]} 32. Kd2 {[%clk 0:02:50]} g5 {[%clk 0:12:14]} 33.
Be3 {[%clk 0:02:43]} Nc7 {[%clk 0:08:00]} 34. Kc3 {[%clk 0:02:24]} Kf7 {[%clk
0:05:47]} 35. Kb4 {[%clk 0:02:31]} Ke8 {[%clk 0:04:14]} 36. Bc2 {[%clk
0:01:40]} g4 {[%clk 0:00:58]} 37. fxg4 {[%clk 0:01:07]} hxg4 {[%clk 0:01:27]}
38. Bd1 {[%clk 0:01:22]} Ne5 {[%clk 0:00:36]} 39. Nxe5 {[%clk 0:01:31]} 1-0

[Event "DVM U20 2019"]
[Site "Braunschweig GER"]
[Date "2019.12.29"]
[Round "5"]
[White "Knudsen, Simon"]
[Black "Joeres, Stefan"]
[Result "1/2-1/2"]
[Termination "normal"]
[Board "3.1"]
[WhiteElo "2194"]
[BlackElo "2201"]
[WhiteClock "01:02:59"]
[BlackClock "00:37:22"]
[WhiteTeam "SF Brackel"]
[BlackTeam "Karlsruher SF"]
[PlyCount "67"]
[WhiteFideId "12985546"]
[BlackFideId "12983160"]
[EventCountry "GER"]
[EventRounds "7"]
[EventType "team-swiss"]
[EventDate "2019.12.26"]

1. Nf3 {[%clk 1:30:56]} c5 {[%clk 1:30:51]} 2. g3 {[%clk 1:31:18]} Nc6 {[%clk
1:30:47]} 3. Bg2 {[%clk 1:31:40]} g6 {[%clk 1:30:51]} 4. d4 {[%clk 1:30:52]}
cxd4 {[%clk 1:28:53]} 5. Nxd4 {[%clk 1:31:13]} Bg7 {[%clk 1:29:05]} 6. Nb3
{[%clk 1:29:40]} Nf6 {[%clk 1:28:50]} 7. O-O {[%clk 1:26:51]} O-O {[%clk
1:25:35]} 8. Nc3 {[%clk 1:26:18]} d6 {[%clk 1:22:53]} 9. a4 {[%clk 1:26:17]}
Be6 {[%clk 1:22:33]} 10. Nd5 {[%clk 1:25:23]} Nxd5 {[%clk 1:15:35]} 11. Bxd5
{[%clk 1:25:49]} Bxd5 {[%clk 1:15:50]} 12. Qxd5 {[%clk 1:26:16]} Qc7 {[%clk
1:16:13]} 13. c3 {[%clk 1:25:32]} e6 {[%clk 1:15:01]} 14. Qd1 {[%clk 1:25:20]}
Rfd8 {[%clk 1:06:53]} 15. a5 {[%clk 1:24:18]} d5 {[%clk 1:01:01]} 16. Bg5
{[%clk 1:24:14]} Rd6 {[%clk 0:57:44]} 17. Qc2 {[%clk 1:22:30]} Rc8 {[%clk
0:48:44]} 18. e4 {[%clk 1:21:54]} h6 {[%clk 0:45:56]} 19. Be3 {[%clk 1:20:22]}
d4 {[%clk 0:45:11]} 20. cxd4 {[%clk 1:20:25]} Nxd4 {[%clk 0:45:16]} 21. Nxd4
{[%clk 1:20:34]} Bxd4 {[%clk 0:44:51]} 22. Qxc7 {[%clk 1:20:54]} Rxc7 {[%clk
0:45:20]} 23. Bxh6 {[%clk 1:11:25]} Bxb2 {[%clk 0:44:03]} 24. Rad1 {[%clk
1:11:30]} Rdd7 {[%clk 0:41:31]} 25. Be3 {[%clk 1:11:17]} Bc3 {[%clk 0:39:04]}
26. Bxa7 {[%clk 1:07:21]} Bxa5 {[%clk 0:37:53]} 27. Bd4 {[%clk 1:07:45]} Bc3
{[%clk 0:37:41]} 28. Bb6 {[%clk 1:05:56]} Rxd1 {[%clk 0:37:02]} 29. Rxd1 {[%clk
1:06:24]} Rc6 {[%clk 0:37:28]} 30. Rb1 {[%clk 1:05:52]} Be5 {[%clk 0:37:30]}
31. Kg2 {[%clk 1:05:28]} Rc2 {[%clk 0:37:10]} 32. Rb5 {[%clk 1:02:43]} Rb2
{[%clk 0:36:58]} 33. Rxe5 {[%clk 1:02:59]} Rxb6 {[%clk 0:37:22]} 34. Rd5
1/2-1/2

[Event "DVM U20 2019"]
[Site "Braunschweig GER"]
[Date "2019.12.29"]
[Round "5"]
[White "Garbuz, Vitaliy"]
[Black "Brunner, Wilken"]
[Result "1/2-1/2"]
[Termination "normal"]
[Board "3.3"]
[WhiteElo "2064"]
[BlackElo "1978"]
[WhiteClock "01:13:39"]
[BlackClock "00:25:54"]
[WhiteTeam "SF Brackel"]
[BlackTeam "Karlsruher SF"]
[PlyCount "63"]
[WhiteFideId "12990710"]
[BlackFideId "12928771"]
[EventCountry "GER"]
[EventRounds "7"]
[EventType "team-swiss"]
[EventDate "2019.12.26"]

1. e4 {[%clk 1:30:56]} e6 {[%clk 1:30:57]} 2. d4 {[%clk 1:31:18]} d5 {[%clk
1:31:24]} 3. Nd2 {[%clk 1:31:42]} Nf6 {[%clk 1:31:48]} 4. e5 {[%clk 1:32:06]}
Nfd7 {[%clk 1:32:15]} 5. f4 {[%clk 1:32:30]} c5 {[%clk 1:32:41]} 6. c3 {[%clk
1:32:55]} Nc6 {[%clk 1:33:03]} 7. Ndf3 {[%clk 1:33:20]} Qb6 {[%clk 1:33:28]} 8.
g3 {[%clk 1:33:44]} f6 {[%clk 1:33:38]} 9. Bd3 {[%clk 1:33:32]} cxd4 {[%clk
1:32:55]} 10. cxd4 {[%clk 1:33:45]} Bb4+ {[%clk 1:33:18]} 11. Kf1 {[%clk
1:33:57]} O-O {[%clk 1:32:02]} 12. Kg2 {[%clk 1:34:17]} Kh8 {[%clk 1:29:47]}
13. Bc2 {[%clk 1:33:12]} Be7 {[%clk 1:07:05]} 14. h4 {[%clk 1:32:05]} fxe5
{[%clk 1:01:44]} 15. fxe5 {[%clk 1:32:16]} Ndxe5 {[%clk 1:02:08]} 16. dxe5
{[%clk 1:31:58]} Nxe5 {[%clk 1:02:21]} 17. Nxe5 {[%clk 1:27:51]} Rf2+ {[%clk
1:01:22]} 18. Kh3 {[%clk 1:27:03]} Qc7 {[%clk 1:00:45]} 19. Bf4 {[%clk
1:22:14]} Qxc2 {[%clk 1:01:04]} 20. Qh5 {[%clk 1:18:39]} g6 {[%clk 0:59:02]}
21. Qh6 {[%clk 1:17:49]} Kg8 {[%clk 0:56:50]} 22. Ngf3 {[%clk 1:17:12]} Rxf3
{[%clk 0:46:56]} 23. Nxf3 {[%clk 1:15:19]} e5+ {[%clk 0:45:17]} 24. g4 {[%clk
1:15:43]} Bxg4+ {[%clk 0:35:12]} 25. Kxg4 {[%clk 1:15:38]} exf4 {[%clk
0:35:34]} 26. Kh3 {[%clk 1:12:31]} Qf5+ {[%clk 0:33:25]} 27. Kh2 {[%clk
1:12:29]} Qc2+ {[%clk 0:25:26]} 28. Kh3 {[%clk 1:12:53]} Qf5+ {[%clk 0:25:49]}
29. Kh2 {[%clk 1:13:15]} Qc2+ {[%clk 0:25:54]} 30. Kh3 {[%clk 1:13:39]} Qf2 31.
Qxf4 Rf8 32. Raf1 1/2-1/2